| 000 | 00372 a2200121 4500 | ||
|---|---|---|---|
| 001 | ART_18346 | ||
| 005 | 20260410161919.0 | ||
| 008 | 260409a | ||
| 245 | 1 | 0 | _aLos nuevos impuestos al patrimonio y a los capitales |
| 100 | 1 | _aGrün, Ernesto | |
| 700 | 1 | _aBrandstadter, Curt | |
| 773 | 0 |
_tLa información _g- Tomo XXXIII, Nº 558 (jun. 1976) _wREV14902 |
|
| 999 |
_c27537 _d27537 |
||